Чужими руками: фантастический роман

Библиографические подробности
Главный автор: Смирнов Л. Леонид
Примечания:Он - ЧЁРНЫЙ АРХЕОЛОГ космической эры. «Индиана Джонс» эпохи, когда грандиозный, технологический скачок вынес корабли землян в открытый космос. «Расхититель гробниц», при одном упоминании имени которого обитатели десятков планет скрежещут зубами, жвалами, роговыми пластинами и всем прочим! Он - гроза космических сфинксов. Джентльмен в белом смокинге, с тросточкой в руке, цветком кактуса - в петлице, громадным багажом знаний - в голове и нежной любовью к текиле - в сердце. Он - человек, способный проникнуть - и проникающий - в сокровищницы древних цивилизаций ЛЮБОГО МИРА. Он — профессор Платон Рассольников по прозвищу Атлантида. Авантюрист и герой космической археологии!.. Но теперь путь «черного археолога» лежит буквально «в смерть» — на выжженную войной и эпидемией планету Бочаста-Роки-Шиа, на которой, согласно малоправдоподобным галактическим легендам, «обронил» смертельно опасные артефакты таинственный Космический Зверь Моргенахт...
Язык:русский
Опубликовано: Москва, АСТ, 2003
Серии:Черный археолог
Предметы:
Формат: MixedMaterials Книга
Запись в KOHA:https://koha.lib.tpu.ru/cgi-bin/koha/opac-detail.pl?biblionumber=81657

MARC

LEADER 00000nam0a2200000 4500
001 81657
005 20231031095241.0
010 |a 5170184174 
035 |a (RuTPU)RU\TPU\book\87766 
090 |a 81657 
100 |a 20050922d2003 m y0rusy50 ca 
101 0 |a rus 
102 |a RU 
105 |a y z 000ay 
200 1 |a Чужими руками  |e фантастический роман  |f Л. Смирнов 
210 |a Москва  |c АСТ  |d 2003 
215 |a 367 с. 
225 1 |a Черный археолог 
330 |a Он - ЧЁРНЫЙ АРХЕОЛОГ космической эры. «Индиана Джонс» эпохи, когда грандиозный, технологический скачок вынес корабли землян в открытый космос. «Расхититель гробниц», при одном упоминании имени которого обитатели десятков планет скрежещут зубами, жвалами, роговыми пластинами и всем прочим! Он - гроза космических сфинксов. Джентльмен в белом смокинге, с тросточкой в руке, цветком кактуса - в петлице, громадным багажом знаний - в голове и нежной любовью к текиле - в сердце. Он - человек, способный проникнуть - и проникающий - в сокровищницы древних цивилизаций ЛЮБОГО МИРА. Он — профессор Платон Рассольников по прозвищу Атлантида. Авантюрист и герой космической археологии!.. Но теперь путь «черного археолога» лежит буквально «в смерть» — на выжженную войной и эпидемией планету Бочаста-Роки-Шиа, на которой, согласно малоправдоподобным галактическим легендам, «обронил» смертельно опасные артефакты таинственный Космический Зверь Моргенахт... 
610 1 |a русская литература 
610 1 |a романы 
610 1 |a фантастика 
675 |a Р2  |v 3 
700 1 |a Смирнов  |b Л.  |g Леонид 
801 1 |a RU  |b 63413507  |c 20050922  |g PSBO 
801 2 |a RU  |b 63413507  |c 20050929  |g PSBO 
942 |c BK